000 00689nam a22002177a 4500
003 UA-OsUOA
001 114233
007 ta
008 20151026b un ||||| |||| 00| 0 ukr d
100 _aАнтонюк Л.
090 _a82
_bА72
942 _cSA
040 _aUA-OsUOA
_bukr
_cUA-OsUOA
_dUA-OsUOA
245 _aМихайло Старицький "Облога Буші". Історико-романтична повість
300 _aС.73-79
955 _a0
041 _aukr
080 _a82
773 0 _w114231
_tУкраїнська мова та література
_dК.
_d2015
_g18
650 7 _a82 Література. Літературознавство
_2UDC
999 _c400375
_d400375